Guess The Country For The Given City - Statistics

General Stats
  • This quiz has been taken 35 times
  • The average score is 19 of 31
Answer Stats
City Country % Correct
Leeds United Kingdom
93%
Lagos Nigeria
86%
Lviv Ukraine
86%
Guadalajara Mexico
82%
Bloemfontein South Africa
82%
Sapporo Japan
75%
Skopje North Macedonia
75%
Karachi Pakistan
75%
Darwin Australia
71%
Busan South Korea
71%
Colombo Sri Lanka
71%
Recife Brazil
68%
Agra India
68%
Porto Alegre Brazil
64%
Rosario Argentina
61%
Manaus Brazil
61%
Port Said Egypt
61%
Georgetown Guyana
61%
Dar es Salaam Tanzania
61%
Izmir Turkey
61%
Sao Luis Brazil
57%
Montego Bay Jamaica
57%
Guayaquil Ecuador
54%
Surabaya Indonesia
54%
Almaty Kazakhstan
46%
Benin City Nigeria
43%
Harbin China
39%
Taichung Taiwan
36%
Palikir F. S. Micronesia
29%
San Pedro Sula Honduras
29%
Kitwe Zambia
21%
No matching quizzes found
Score Distribution
Percent of People with Each Score
Percentile by Number Answered
Your Score History
You have not taken this quiz